| 000 | 00588nam a22001817a 4500 | ||
|---|---|---|---|
| 003 | OSt | ||
| 005 | 20240722164516.0 | ||
| 008 | 240722b |||||||| |||| 00| 0 eng d | ||
| 020 | _a9966949542 | ||
| 040 | _cChuka University Library | ||
| 050 |
_aHC 865 _b.A1K56 no.30 2003 |
||
| 100 |
_aNafula, Nancy N. _917136 |
||
| 245 |
_aBank portfolios and bank earnings in Kenya: An econometric analysis _bno.30 |
||
| 260 |
_aNairobi, Kenya _bKenya Institute for Public Policy Research and Analysis _c2003 |
||
| 300 | _a22p. | ||
| 650 |
_a1. Bank investiments---Kenya _917137 |
||
| 942 |
_2lcc _cBK _n0 |
||
| 999 |
_c18069 _d18069 |
||